Two Truths and a Lie - European Geography - Statistics

General Stats
  • This quiz has been taken 70 times
  • The average score is 3 of 12
Answer Stats
Question Answer % Correct
Identify the lie about Nordic countries. Estonia is a Nordic country.
100%
Identify the lie about cities in Europe. Italy's 3 largest cities are Rome, Milan, and Venice.
50%
Identify the lie about islands in Europe. Italy controls Corsica.
25%
Identify the lie about Micro states in Europe. Liechtenstein is a single city.
25%
Identify the lie. The capital of Switzerland is Zurich.
25%
Identify the lie. The Nazis annexed Poland before WW2 started.
25%
Identify the lie about the World Wars. The Netherlands were in both World Wars.
25%
Identify the lie. There are 54 countries in Europe.
25%
Identify the lie about rivers in Europe. The Thames river runs through Manchester and Leeds.
25%
Identify the lie about countries in NATO. Austria is a part of NATO.
0%
Identify the lie. The Auschwitz concentration camp was in Germany.
0%
Identify the lie about major cities in Europe. The biggest city by population in Europe is London.
0%
No matching quizzes found
Score Distribution
Percent of People with Each Score
Percentile by Number Answered
Your Score History
You have not taken this quiz